000 00428nam a2200157 i 4500
001 bg
100 1 _aRANSOM, Robert
245 0 _aText and document processing - in science and technology /
_cRobert Ransom.
260 _aNew York :
_bSigma Press :
_bHalsted Press,
_c1987.
650 9 _aPrzetwarzanie danych
040 _cBPK
041 _apol
080 _a004.6
942 _cKS
008 s pl f |000 0 pol
999 _c29739
_d29739
856 _uhttp://koha.tu.koszalin.pl/cgi-bin/koha/opac-detail.pl?biblionumber=29739
_yKatalog online BPK